01114nam a2200205 a 450000100060000000300090000600800410001502000150005604000280007108200140009910000200011324501580013325000060029126000340029730000110033150504980034265000230084065000220086365000230088518124CO-ViMGA141112s2004 ck r 000 u spa d a9701027337 aCO-ViMGAbspacCO-ViMGA04a660 B715s1 aBranan, Carl R.10aSoluciones práticas para el ingeniero químico : bManual de soluciones rápidas y exactas para los problemas cotidianos en la ingenieria de procesos a2 aMexico, cMcGraw Hill, c2000 a418.p. aFlujo de fluidos - Intercambiadores de calor - Fraccionadoras - Absorbedoras - Bombas - Compresoras - Elementos motores - Separadoras acumuladoras - Calderas - Torres de enfriamiento - Refrigeración - Tratamiento de gases - Sistemas de vacío - Transportación neumática - Mezclado - Evaluación de procesos - Confiabilidad - Metalurgia - Seguridad - Controles - Detección de fallas - Arranque - Conservación de la energía - Modelado de procesos aplicando la programación lineal14aINGENIERIA QUIMICA14aPROCESOS QUIMICOS14aQUIMICA INDUSTRIAL